Ergonomické aktivity a súčasnosť
Z histórie ergonómie. Vymedzenie ergonómie, jej ciele, metódy a prístupy.
Saved in:
| Main Author: | |
|---|---|
| Format: | Book Chapter |
| Language: | Slovak |
| Subjects: | |
| Tags: |
No Tags, Be the first to tag this record!
|
MARC
| LEADER | 00000naa$a2200000$$$4500 | ||
|---|---|---|---|
| 001 | 0107151 | ||
| 005 | 20220729110459.2 | ||
| 041 | 0 | |a slo | |
| 044 | |a SK | ||
| 245 | 1 | 0 | |a Ergonomické aktivity a súčasnosť |c Karol Hatiar |
| 520 | |a Z histórie ergonómie. Vymedzenie ergonómie, jej ciele, metódy a prístupy. | ||
| 610 | 2 | 0 | |a ergonómia |
| 610 | 2 | 0 | |a definície |
| 610 | 2 | 0 | |a rozvoj technický |
| 610 | 2 | 0 | |a produktivita |
| 610 | 2 | 0 | |a podnik |
| 610 | 2 | 0 | |a stratégia podniková |
| 610 | 2 | 0 | |a prostredie ekonomické |
| 100 | 1 | |a Hatiar, Karol | |